| 000 | 00789cam a2200277 4500 | ||
|---|---|---|---|
| 001 | M88549 | ||
| 008 | 090401t1997 xxu||||| |||| 00| 0 eng d | ||
| 035 | _a(Sirsi) u82937 | ||
| 041 | _aeng | ||
| 050 | _a692.5 | ||
| 100 | _aLowe, David | ||
| 245 | _aCommercial management : an investigation into the role of the commercial manager. | ||
| 260 |
_aAscot, Berks. _bChartered Institute of Building _c1997 |
||
| 300 | _a8p. ; 30cm. | ||
| 350 | _a0 | ||
| 490 |
_aConstruction Papers _v81 |
||
| 650 | _aCOMMERCIAL MANAGEMENT | ||
| 650 | _aCOMMERCIAL MANAGERS | ||
| 650 | _aQUANTITY SURVEYORS | ||
| 690 |
_aQuantity surveying _96263 |
||
| 700 | _aFenn, Peter | ||
| 700 | _aRoberts, Sarah | ||
| 710 |
_aChartered Institute of Building _92134 |
||
| 942 | _n0 | ||
| 948 | _c05/01/1998 | ||
| 999 |
_c96846 _d96846 |
||